00713nam a2200241 a 4500001001300000003000900013005001700022008004100039020002300080082001600103100001900119245004800138260003500186300000800221500003500229505001700264650002000281700001900301902000800320942000700328952011900335999001700454nice12345678IN_TiNIC20260116015333.0110421s2005 newa grp 000 0 eng  a9781932099935c36000a297.38bALG aAlgul, Huseyin aBlessed Days and Nights of the Islamic Year aNew Jersey, USA bLight c2005 a88p aincludes index and biblioraphy2 aBibliography aIslam-Festivals1 aAlgul, Huseyin bSRS cBK 001040708StackRoom-aHMIbHMId2013-02-04g360.00l0o297.38 ALGp11002284r2013-02-04v360.00w2011-04-21yBK c19285d19285